Los ángeles llegaron a Sodoma /
Furkejuvvon:
| Váldodahkki: | |
|---|---|
| Materiálatiipa: | Dovdameahttun |
| Giella: | Spanish |
| Almmustuhtton: |
México :
Editorial Joaquín Mortiz, S.A.,
2009
|
| Fáttát: | |
| Fáddágilkorat: |
Lasit fáddágilkoriid
Eai fáddágilkorat, Lasit vuosttaš fáddágilkora!
|
MARC
| LEADER | 000000000a22000000004500 | ||
|---|---|---|---|
| 001 | 012280 | ||
| 041 | 0 | |a spa | |
| 082 | 0 | 4 | |a M863 |b E42a |
| 100 | 1 | |a Elizondo, Carlos | |
| 245 | 1 | 4 | |a Los ángeles llegaron a Sodoma / |c Carlos Elizondo. |
| 260 | 1 | |a México : |b Editorial Joaquín Mortiz, S.A., |c 2009 | |
| 300 | |a 114 páginas | ||
| 650 | 4 | |a LITERATURA MEXICANA | |
| 650 | 4 | |a NOVELA | |
| 500 | |a Colección George Yúdice | ||
| 999 | |c 18255 |d 18255 | ||
| 942 | |c BK |h M863 E42a |2 z | ||
